[Event "ICS rated blitz match"]
[Site "204.178.125.65"]
[Date "2000.04.12"]
[Round "?"]
[White "lupica"]
[Black "Hossa"]
[Result "1-0"]
[WhiteElo "2073"]
[BlackElo "2382"]
[PlyCount "121"]

1. e4 c6 2. d4 d5 3. exd5 cxd5 4. Bd3 Nc6 5. c3 Qc7 6. Nd2 e5 7. dxe5 Nxe5 8.
Bc2 Nf6 9. Ngf3 Bd6 10. h3 O-O 11. O-O Bd7 12. Nxe5 Bxe5 13. Nf3 Bf4 14. Qd4
Bxc1 15. Raxc1 Bb5 16. Rfe1 Rfc8 17. Bb3 Bc4 18. Rcd1 Bxb3 19. axb3 Qd7 20. Re5
Rd8 21. Qf4 Re8 22. Rde1 Rxe5 23. Rxe5 b6 24. Nd4 Re8 25. Qe3 Kh8 26. f3 Rxe5
27. Qxe5 h5 28. Kf2 Kh7 29. g4 a6 30. Qf5+ Qxf5 31. Nxf5 hxg4 32. hxg4 g6 33.
Ne7 Kh6 34. Kg3 g5 35. Kf2 Kg7 36. Ke3 Kf8 37. Nf5 Ng8 38. Kd4 Ne7 39. Nxe7
Kxe7 40. Kxd5 Kd7 41. b4 Kc7 42. c4 Kd7 43. c5 bxc5 44. bxc5 a5 45. c6+ Kc7 46.
Kc5 a4 47. Kb5 Kc8 48. Kxa4 Kd8 49. Kb5 Kc7 50. Kc5 f6 51. b4 Kc8 52. Kd6 Kb8
53. Kd7 Ka7 54. c7 Kb6 55. c8=Q Kb5 56. Qc5+ Ka4 57. b5 Kb3 58. b6 Kb2 59. b7
Ka2 60. b8=Q f5 61. Qa5# 1-0

[Event "ICS rated blitz match"]
[Site "204.178.125.65"]
[Date "2000.04.12"]
[Round "?"]
[White "Hossa"]
[Black "lupica"]
[Result "1-0"]
[WhiteElo "2355"]
[BlackElo "2100"]
[PlyCount "45"]

1. e4 e5 2. Nf3 Nc6 3. Nc3 Nf6 4. Nxe5 Nxe5 5. d4 Ng6 6. e5 Ng8 7. Bc4 d6 8.
Qf3 Be6 9. Qxb7 Be7 10. Bxe6 fxe6 11. Qc6+ Kf8 12. Nb5 Rc8 13. Nxa7 Rb8 14.
Qf3+ Ke8 15. Nc6 Qc8 16. Nxb8 Qxb8 17. Qc6+ Kd8 18. O-O Nh6 19. exd6 cxd6 20.
Re1 e5 21. Bxh6 gxh6 22. dxe5 Nxe5 23. Rxe5 1-0

[Event "ICS Rated blitz match"]
[Site "204.178.125.65"]
[Date "2000.04.12"]
[Round "?"]
[White "Acheronte"]
[Black "Hossa"]
[Result "0-1"]
[WhiteElo "2068"]
[BlackElo "2361"]
[PlyCount "78"]

1. e4 c6 2. Nf3 d5 3. Nc3 Nf6 4. e5 Ne4 5. Ne2 Nd7 6. d3 Nec5 7. d4 Ne4 8. e6
fxe6 9. Nf4 Ndf6 10. Ne5 g6 11. g3 Nd7 12. Nxe6 Qa5+ 13. Bd2 Nxd2 14. Qxd2 Qb6
15. Nxd7 Bxd7 16. Nxf8 Qxb2 17. Rd1 Rxf8 18. Bg2 Qxa2 19. O-O Bf5 20. Qb4 b5
21. Rfe1 Rf7 22. Qc5 Qxc2 23. Qxc2 Bxc2 24. Rc1 Be4 25. Bxe4 dxe4 26. Rxc6 a5
27. Rb6 Rf5 28. Rb7 Kf8 29. Rxe4 Re8 30. Re6 b4 31. Reb6 Rd8 32. Re6 Rxd4 33.
Rbxe7 Rd1+ 34. Kg2 Rd2 35. Rxh7 Rfxf2+ 36. Kg1 Rg2+ 37. Kh1 Rge2 38. Rxe2 Rxe2
39. Ra7 b3 0-1

[Event "ICS rated blitz match"]
[Site "204.178.125.65"]
[Date "2000.04.12"]
[Round "?"]
[White "LittleOne"]
[Black "Hossa"]
[Result "1-0"]
[WhiteElo "2153"]
[BlackElo "2362"]
[PlyCount "207"]

1. Nf3 d5 2. d4 e6 3. c4 dxc4 4. e3 b5 5. a4 c6 6. axb5 cxb5 7. b3 Nf6 8. bxc4
bxc4 9. Bxc4 Nc6 10. O-O Bb4 11. Qa4 Bd7 12. Bb5 Qb6 13. Na3 Rb8 14. Rb1 a6 15.
Qxa6 Qxa6 16. Bxa6 O-O 17. Nc4 Ra8 18. Bb7 Rab8 19. Bxc6 Bxc6 20. Nfe5 Bd5 21.
Bd2 Be7 22. f3 Rxb1 23. Rxb1 Bxc4 24. Nxc4 Rc8 25. Ne5 Bd6 26. Nd3 Nd7 27. g3
h5 28. e4 Rc4 29. Be3 Rc3 30. Rd1 Nb6 31. Bf2 Nc4 32. Rc1 Rxd3 33. Rxc4 Rxf3
34. Rc6 Bf8 35. Rc8 Rd3 36. d5 Rd1+ 37. Kg2 Rd2 38. Kf3 exd5 39. Bc5 Rd3+ 40.
Kf4 f6 41. Rxf8+ Kh7 42. exd5 Rxd5 43. Be3 Kg6 44. Ra8 Rd1 45. h4 Rb1 46. Ra7
Kh7 47. Bd4 Kg6 48. Bc5 Rb8 49. Bd4 Rb1 50. Rd7 Rd1 51. Ke4 Rd2 52. Ra7 Rg2 53.
Kf4 Rd2 54. Be3 Rd5 55. Ra8 Rf5+ 56. Ke4 Re5+ 57. Kf3 Rf5+ 58. Bf4 Rd5 59. Ke4
Rd1 60. Be3 Rb1 61. Bc5 Re1+ 62. Kf4 Re5 63. Bf8 Kf7 64. Bd6 Rd5 65. Ra7+ Ke6
66. Bf8 g5+ 67. Ke4 f5+ 68. Ke3 Re5+ 69. Kf2 gxh4 70. gxh4 Re4 71. Re7+ Kf6 72.
Rxe4 fxe4 73. Bd6 Kf5 74. Kg3 Ke6 75. Bb8 e3 76. Kf3 Kf5 77. Bg3 e2 78. Bf2 Ke5
79. Kxe2 Ke4 80. Bg3 Kd5 81. Ke3 Ke6 82. Kf4 Kf6 83. Bf2 Kg6 84. Bd4 Kh6 85.
Kf5 Kh7 86. Kg5 Kg8 87. Kxh5 Kf8 88. Kg6 Ke7 89. h5 Kd6 90. h6 Kd5 91. h7 Kxd4
92. h8=Q+ Kc4 93. Qd8 Kc5 94. Qd7 Kb6 95. Kf6 Kc5 96. Ke5 Kb4 97. Qc6 Kb3 98.
Qc5 Kb2 99. Qc4 Ka3 100. Qb5 Ka2 101. Qb4 Ka1 102. Kd4 Ka2 103. Kc3 Ka1 104.
Qb2# 1-0

[Event "ICS rated standard match"]
[Site "204.178.125.65"]
[Date "2000.04.12"]
[Round "?"]
[White "steve"]
[Black "Hossa"]
[Result "0-1"]
[WhiteElo "1963"]
[BlackElo "2322"]
[PlyCount "66"]

1. e4 e5 2. Nf3 Nc6 3. Bb5 a6 4. Ba4 Nf6 5. O-O Be7 6. Re1 b5 7. Bb3 d6 8. c3
O-O 9. h3 Bb7 10. d4 Re8 11. d5 Na5 12. Bc2 c6 13. a4 cxd5 14. axb5 dxe4 15.
bxa6 Rxa6 16. b4 exf3 17. bxa5 fxg2 18. Bg5 Rxa5 19. Rxa5 Qxa5 20. Bxf6 Bxf6
21. Qxd6 Qa7 22. Qd7 Qb8 23. Qf5 e4 24. Nd2 Bxc3 25. Nf3 Bxe1 26. Ng5 Bd2 27.
Qxf7+ Kh8 28. Bb3 Bxg5 29. Qxe8+ Qxe8 30. Bf7 Qxf7 31. f4 Qxf4 32. h4 Qf1+ 33.
Kh2 g1=Q# 0-1

[Event "ICS rated blitz match"]
[Site "204.178.125.65"]
[Date "2000.04.12"]
[Round "?"]
[White "Hossa"]
[Black "Bergmann"]
[Result "1-0"]
[WhiteElo "2353"]
[BlackElo "2034"]
[PlyCount "22"]

1. e4 d5 2. exd5 Qxd5 3. Nc3 Qd8 4. Nf3 c6 5. Bc4 Nf6 6. d3 Bg4 7. Bxf7+ Kxf7
8. Ne5+ Ke8 9. Nxg4 Nxg4 10. Qxg4 g6 11. Ne4 Bg7 1-0

[Event "ICS rated blitz match"]
[Site "204.178.125.65"]
[Date "2000.04.12"]
[Round "?"]
[White "Bergmann"]
[Black "Hossa"]
[Result "0-1"]
[WhiteElo "2030"]
[BlackElo "2357"]
[PlyCount "88"]

1. e4 c6 2. d4 d5 3. e5 c5 4. c3 e6 5. Nd2 cxd4 6. cxd4 Nc6 7. Nb3 Bb4+ 8. Bd2
Bxd2+ 9. Qxd2 f6 10. f4 fxe5 11. fxe5 Qh4+ 12. Qf2 Qxf2+ 13. Kxf2 Nh6 14. Nf3
O-O 15. h3 a5 16. Rd1 a4 17. Nc1 Nf5 18. Kg1 a3 19. b3 g6 20. Bd3 Nfxd4 21.
Nxd4 Nxd4 22. Bxg6 Nc6 23. Bh5 Nxe5 24. Nd3 Nxd3 25. Rxd3 Bd7 26. Bf3 Kg7 27.
Kh2 Rf4 28. Rc1 Rd8 29. Rc7 b5 30. Bg4 Kf8 31. Kg3 Re4 32. Ra7 Kg7 33. Rxa3 Re5
34. Ra7 Rg5 35. h4 Rg6 36. Kh3 Kf6 37. Rf3+ Ke7 38. Re3 Rdg8 39. Bf3 d4 40. Re4
e5+ 41. Rg4 d3 42. Bc6 Rxc6 43. Rxd7+ Kxd7 44. Rxg8 d2 0-1

[Event "ICS rated blitz match"]
[Site "204.178.125.65"]
[Date "2000.04.12"]
[Round "?"]
[White "Hossa"]
[Black "LittleOne"]
[Result "0-1"]
[WhiteElo "2361"]
[BlackElo "2189"]
[PlyCount "112"]

1. e4 e6 2. d4 d5 3. Nc3 Bb4 4. e5 c5 5. a3 Bxc3+ 6. bxc3 Ne7 7. Nf3 Qa5 8. Bd2
Qa4 9. dxc5 Nd7 10. Be2 Nxc5 11. c4 b6 12. cxd5 Nxd5 13. c4 Qxd1+ 14. Rxd1 Ne7
15. Bg5 Bb7 16. Bxe7 Kxe7 17. Nd4 Rhd8 18. O-O Na4 19. Nb5 Bc6 20. Rxd8 Kxd8
21. Nd6 Ke7 22. Bd3 h6 23. Rd1 f6 24. exf6+ gxf6 25. Be4 Bxe4 26. Nxe4 Rc8 27.
Rd4 e5 28. Nd6 exd4 29. Nxc8+ Kd7 30. Nxa7 Nb2 31. Kf1 Nxc4 32. Nb5 d3 33. Ke1
Kc6 34. Nd4+ Kc5 35. Nf5 Kb5 36. Nxh6 Ka4 37. Ng8 Kxa3 38. Nxf6 b5 39. Ne4 b4
40. Nd2 Nxd2 41. Kxd2 b3 42. Kxd3 b2 43. h4 b1=Q+ 44. Ke3 Qg6 45. g3 Qg4 46.
Kd2 Kb4 47. Ke1 Kc3 48. Kf1 Kd3 49. Kg2 Ke2 50. h5 Qxh5 51. f3 Qxf3+ 52. Kh3
Qh5+ 53. Kg2 Qg4 54. Kg1 Qh3 55. g4 Kf3 56. g5 Qg2# 0-1

[Event "ICS rated standard match"]
[Site "204.178.125.65"]
[Date "2000.04.12"]
[Round "?"]
[White "Hossa"]
[Black "MASTIF"]
[Result "1-0"]
[WhiteElo "2326"]
[BlackElo "2045"]
[PlyCount "65"]

1. e4 b6 2. d4 Bb7 3. Bd3 e6 4. Nf3 Nc6 5. O-O Nge7 6. Nc3 Ng6 7. d5 Nce5 8.
Nxe5 Nxe5 9. Bf4 Nxd3 10. Qxd3 Be7 11. Qg3 d6 12. Qxg7 Bf6 13. Qg4 h5 14. Qe2
Qd7 15. e5 dxe5 16. Bxe5 Bxe5 17. Qxe5 O-O-O 18. dxe6 fxe6 19. Rfd1 Qc6 20. f3
Rdg8 21. Nb5 Kb8 22. Nd4 Qa4 23. c3 h4 24. b3 Qe8 25. Qxe6 Qh5 26. a4 h3 27. g4
Qh4 28. a5 Re8 29. Qd7 Rhf8 30. axb6 cxb6 31. Qd6+ Kc8 32. Nb5 Qe7 33. Nxa7#
1-0

[Event "ICS rated standard match"]
[Site "204.178.125.65"]
[Date "2000.04.12"]
[Round "?"]
[White "MASTIF"]
[Black "Hossa"]
[Result "1-0"]
[WhiteElo "2038"]
[BlackElo "2329"]
[PlyCount "165"]

1. e4 c6 2. d4 d5 3. e5 c5 4. Nf3 cxd4 5. Nxd4 e6 6. Be3 Nd7 7. Nf3 Ne7 8. Bd3
Nc6 9. Bf4 Qb6 10. Nc3 Qxb2 11. Nb5 Bb4+ 12. Kf1 O-O 13. Rb1 Qxa2 14. h4 Qa5
15. Bxh7+ Kxh7 16. Ng5+ Kg8 17. Qh5 Qxb5+ 18. Kg1 Re8 19. Qxf7+ Kh8 20. Qxe8+
Nf8 21. Qxf8+ Bxf8 22. Rxb5 Nd4 23. Ra5 Ne2+ 24. Kh2 Nxf4 25. Rb1 Be7 26. g3
Bxg5 27. hxg5 Ne2 28. Rc5 b6 29. Rc7 Kh7 30. Kg2 d4 31. Kf3 Nc3 32. Ra1 a5 33.
Kg4 b5 34. Kh5 Nd5 35. g6+ Kg8 36. Rc5 Bd7 37. f4 Ne3 38. Rc7 Be8 39. Re7 Bc6
40. Rxe6 Bf3+ 41. Kg5 a4 42. Rb6 Nxc2 43. Rc1 d3 44. Rd6 Be2 45. Rh1 Ne3 46.
Rh7 Rf8 47. Rd7 Nf5 48. g4 Bxg4 49. Kxg4 a3 50. Rxd3 Ne7 51. Rd7 Nf5 52. e6 a2
53. Ra7 Ne7 54. Rxa2 Nxg6 55. Rhh2 Rxf4+ 56. Kg3 Rf8 57. Rhe2 Ne7 58. Rab2 Rf5
59. Kg4 g6 60. Rf2 Re5 61. Rbe2 Rxe2 62. Rxe2 Kf8 63. Kg5 Ke8 64. Re5 b4 65.
Rb5 Kd8 66. Rxb4 Nc6 67. Re4 Ke7 68. Kxg6 Na7 69. Kf5 Nc8 70. Ra4 Kd6 71. Kf6
Kc5 72. Ra1 Nd6 73. Rc1+ Kb6 74. e7 Kb7 75. Ke6 Ne8 76. Kd7 Nf6+ 77. Kd8 Kb6
78. Rf1 Ng4 79. e8=Q Nh2 80. Rf5 Ng4 81. Qb5+ Ka7 82. Rf7+ Ka8 83. Qb7# 1-0

[Event "ICS rated blitz match"]
[Site "204.178.125.65"]
[Date "2000.04.12"]
[Round "?"]
[White "PackMaster"]
[Black "Hossa"]
[Result "1/2-1/2"]
[WhiteElo "2588"]
[BlackElo "2350"]
[PlyCount "97"]

1. c4 e5 2. Nc3 Nf6 3. Nf3 Nc6 4. g3 Bb4 5. Bg2 O-O 6. O-O Re8 7. Nd5 Nxd5 8.
cxd5 Nd4 9. Nxd4 exd4 10. b3 b6 11. Bb2 Ba6 12. Re1 d3 13. exd3 Rxe1+ 14. Qxe1
Qg5 15. a3 Bd6 16. d4 Bd3 17. Qe3 Qf5 18. Re1 Rd8 19. Qf3 Qxf3 20. Bxf3 f5 21.
Re3 Bb1 22. b4 f4 23. Re1 Bd3 24. Bc3 Kf8 25. a4 Re8 26. Rxe8+ Kxe8 27. Kg2 Bc2
28. a5 Bd3 29. h4 bxa5 30. bxa5 Kd8 31. Ba1 Bb4 32. Bc3 Be7 33. Ba1 Kc8 34. Bc3
a6 35. Ba1 fxg3 36. fxg3 g5 37. h5 Bb4 38. Bc3 Bd6 39. g4 Kb7 40. Ba1 h6 41.
Bc3 Ka7 42. Ba1 Bf4 43. Bc3 Bd6 44. Ba1 Bf4 45. Bc3 Bd6 46. Ba1 Bf4 47. Bc3 Bd6
48. Ba1 Bf4 49. Bc3 1/2-1/2

[Event "ICS rated blitz match"]
[Site "204.178.125.65"]
[Date "2000.04.12"]
[Round "?"]
[White "Hossa"]
[Black "PackMaster"]
[Result "0-1"]
[WhiteElo "2360"]
[BlackElo "2578"]
[PlyCount "134"]

1. e4 e5 2. Nf3 Nf6 3. Nxe5 d6 4. Nxf7 Kxf7 5. d4 g6 6. Nc3 Bg7 7. Bc4+ Be6 8.
Bxe6+ Kxe6 9. O-O c6 10. e5 dxe5 11. dxe5 Qxd1 12. Rxd1 Kxe5 13. Re1+ Kf5 14.
Re7 Nh5 15. Ne4 Bf8 16. Re8 Ng7 17. Nd6+ Kf6 18. Rc8 Ne6 19. Bd2 Ke7 20. Bc3
Bg7 21. Bxg7 Rxc8 22. Nxc8+ Kd7 23. Bc3 Kxc8 24. Re1 Kd7 25. Re3 Na6 26. Rh3 h5
27. Be5 Nec5 28. Rg3 Re8 29. f4 Re6 30. a3 Ke7 31. Rh3 Nd7 32. Re3 Nxe5 33.
fxe5 Nc5 34. a4 Nd7 35. Rb3 b6 36. a5 bxa5 37. Rb7 Rxe5 38. Rxa7 Re1+ 39. Kf2
Rc1 40. c3 Rc2+ 41. Kf1 Rxb2 42. Rxa5 Ke6 43. Ra1 Rc2 44. Re1+ Kf6 45. Re3 Nb6
46. Rf3+ Kg7 47. Ke1 Nd5 48. c4 Rxc4 49. Rd3 Rc2 50. Kf1 Kf6 51. Rf3+ Ke5 52.
Kg1 c5 53. Rf2 Rc1+ 54. Rf1 Rxf1+ 55. Kxf1 Kd4 56. Ke1 c4 57. Ke2 Kc3 58. g4
hxg4 59. Kf2 Kd3 60. Kg3 Ne3 61. h3 c3 62. h4 Ke4 63. h5 c2 64. hxg6 c1=Q 65.
Kf2 Kf4 66. Ke2 Qd1+ 67. Kf2 g3# 0-1

[Event "ICS rated blitz match"]
[Site "204.178.125.65"]
[Date "2000.04.12"]
[Round "?"]
[White "QueenMaxima"]
[Black "Hossa"]
[Result "1-0"]
[WhiteElo "2463"]
[BlackElo "2353"]
[PlyCount "111"]

1. d4 d5 2. c4 e6 3. Nc3 Nf6 4. Nf3 c5 5. cxd5 Nxd5 6. e4 Nxc3 7. bxc3 cxd4 8.
cxd4 Bb4+ 9. Bd2 Bxd2+ 10. Qxd2 O-O 11. Bc4 Nc6 12. O-O b6 13. Rfe1 Bb7 14.
Rad1 Qc7 15. d5 Na5 16. Bd3 Rad8 17. dxe6 fxe6 18. Qg5 Qf7 19. Bb1 Rxd1 20.
Rxd1 Nc4 21. Qh4 Qf6 22. Qh5 e5 23. a4 Qc6 24. Bc2 a6 25. Bb3 Qxe4 26. Qxe5 b5
27. axb5 Kh8 28. Bxc4 Qxc4 29. Rd7 Qc1+ 30. Ne1 Rg8 31. Rc7 Qd2 32. Rxb7 axb5
33. h3 Qa2 34. Qxb5 Qa1 35. Re7 h6 36. Qd3 Qc1 37. Qg6 Qc8 38. Nf3 Qc4 39. h4
Qc1+ 40. Re1 Qc3 41. Ng5 Qxe1+ 42. Kh2 Qe5+ 43. g3 Qxg5 44. hxg5 Rb8 45. gxh6
gxh6 46. Qxh6+ Kg8 47. Qg6+ Kh8 48. g4 Rb7 49. Qf6+ Kh7 50. g5 Rb3 51. g6+ Kh6
52. g7+ Kh7 53. Qf8 Rg3 54. Kxg3 Kg6 55. g8=Q+ Kh5 56. Qg4# 1-0

[Event "ICS rated standard match"]
[Site "204.178.125.65"]
[Date "2000.04.12"]
[Round "?"]
[White "Hossa"]
[Black "QueenMaxima"]
[Result "0-1"]
[WhiteElo "2311"]
[BlackElo "2304"]
[PlyCount "130"]

1. e4 c5 2. Nf3 e6 3. d4 cxd4 4. Nxd4 Nf6 5. Nc3 d6 6. Be2 Be7 7. O-O a6 8. Be3
Nc6 9. Qd2 Qc7 10. Rad1 O-O 11. Bg5 Rd8 12. Qe3 h6 13. Bh4 Bd7 14. Bg3 b6 15.
Qd2 Na5 16. a3 Nc4 17. Bxc4 Qxc4 18. Bh4 Nxe4 19. Nxe4 Bxh4 20. Qf4 e5 21. Qxh4
exd4 22. Nxd6 Qxc2 23. Qxd4 Be6 24. Rc1 Qg6 25. Rc6 Bh3 26. Qd5 Ra7 27. Rd1
Rad7 28. g3 Be6 29. Qd3 Bf5 30. Nxf5 Qxc6 31. Ne7+ Kf8 32. Nxc6 Rxd3 33. Rf1
Rc8 34. Nb4 Rd2 35. Nxa6 Rxb2 36. Re1 Rcc2 37. Nb8 Kg8 38. Re8+ Kh7 39. Nd7 f6
40. Rb8 Rxf2 41. Nf8+ Kg8 42. Ng6+ Kf7 43. Nh8+ Ke7 44. Ng6+ Kd7 45. Rxb6 Rg2+
46. Kf1 Rbf2+ 47. Ke1 Rc2 48. Kf1 Rxh2 49. Kg1 Rhg2+ 50. Kh1 Rxg3 51. Nf4 Rf3
52. Rb7+ Kc6 53. Rxg7 Rxf4 54. Kg1 Rd4 55. Kh1 h5 56. Rg2 Rh4+ 57. Kg1 Rg4 58.
Rxg4 hxg4 59. a4 Kd5 60. a5 Ke4 61. Kf1 g3 62. a6 Kf3 63. Ke1 g2 64. Kd1 Re2
65. Kc1 g1=Q# 0-1

[Event "ICS rated standard match"]
[Site "204.178.125.65"]
[Date "2000.04.12"]
[Round "?"]
[White "Hossa"]
[Black "larva"]
[Result "1-0"]
[WhiteElo "2295"]
[BlackElo "2019"]
[PlyCount "39"]

1. e4 e6 2. d4 d5 3. Nc3 Bb4 4. e5 c5 5. a3 Bxc3+ 6. bxc3 Ne7 7. Qg4 Qc7 8.
Qxg7 Rg8 9. Qxh7 cxd4 10. Ne2 Nbc6 11. f4 Bd7 12. Qd3 Nf5 13. cxd4 Na5 14. h3
Rc8 15. g4 Nh4 16. Qh7 Kf8 17. Qxh4 Qxc2 18. Bd2 Nb3 19. Bb4+ Ke8 20. Qe7# 1-0

[Event "ICS rated blitz match"]
[Site "204.178.125.65"]
[Date "2000.04.12"]
[Round "?"]
[White "Hossa"]
[Black "QueenMaxima"]
[Result "0-1"]
[WhiteElo "2340"]
[BlackElo "2483"]
[PlyCount "120"]

1. e4 c5 2. Nf3 d6 3. d4 cxd4 4. Nxd4 Nf6 5. Nc3 Nc6 6. Be3 Bd7 7. Bb5 e6 8.
Nf3 Be7 9. Bf4 Qb6 10. Bxd6 Bxd6 11. Qxd6 Nxe4 12. Nxe4 Qxb5 13. O-O-O Bc8 14.
Rhe1 Qa5 15. Kb1 Qb6 16. Re3 f6 17. Qa3 Kf7 18. Nd6+ Kg8 19. Nxc8 Rxc8 20. Rxe6
Rd8 21. Rxd8+ Qxd8 22. Rd6 Qe7 23. Qd3 g5 24. Rd7 Qe6 25. h3 Nb4 26. Rd8+ Kf7
27. Qd7+ Qxd7 28. Rxd7+ Kg6 29. c3 Nc6 30. Rxb7 Rd8 31. Rc7 Rd1+ 32. Kc2 Rd6
33. Nd4 Nxd4+ 34. cxd4 Re6 35. Rxa7 Re2+ 36. Kb3 Rxf2 37. g4 Rf3+ 38. Kb4 Rxh3
39. Ra8 Rh4 40. Rg8+ Kf7 41. Rh8 Kg7 42. Rc8 Rxg4 43. Kc4 h5 44. Rc7+ Kg6 45.
Rc6 h4 46. Rc8 h3 47. Rh8 Rh4 48. Re8 h2 49. Re1 h1=Q 50. Rxh1 Rxh1 51. b4 g4
52. a4 g3 53. a5 g2 54. Kb5 g1=Q 55. d5 Qd4 56. Kc6 Qc3+ 57. Kb5 Rb1 58. Kb6
Rxb4+ 59. Ka7 Qc7+ 60. Ka6 Qb7# 0-1

[Event "ICS rated blitz match"]
[Site "204.178.125.65"]
[Date "2000.04.12"]
[Round "?"]
[White "trashcollector"]
[Black "Hossa"]
[Result "0-1"]
[WhiteElo "1975"]
[BlackElo "2330"]
[PlyCount "160"]

1. c4 e5 2. Nc3 Nf6 3. Nf3 Nc6 4. d4 exd4 5. Nxd4 Bb4 6. Nxc6 Bxc3+ 7. bxc3
bxc6 8. Bg5 c5 9. Rb1 h6 10. Bh4 d6 11. e3 g5 12. Bg3 h5 13. h3 Ne4 14. Qd5
Nxg3 15. Qxa8 Nxh1 16. Bd3 O-O 17. Rb8 Bb7 18. Rxd8 Bxa8 19. Rxf8+ Kxf8 20. Kf1
Bc6 21. Kg1 Nxf2 22. Kxf2 Bd7 23. Bf1 Bf5 24. g3 g4 25. h4 Bb1 26. a3 Ba2 27.
Ke1 Bb3 28. Kd2 a5 29. Kd3 Ba4 30. Ke4 Kg7 31. Kf5 Bc2+ 32. Kg5 Bg6 33. Bg2 f6+
34. Kf4 Bc2 35. Bc6 Bd3 36. Be8 Kh6 37. Bf7 f5 38. Bd5 Bc2 39. Be6 Kg6 40. Bd7
Bd3 41. Be6 Kf6 42. Bd5 Bf1 43. Bg8 c6 44. e4 fxe4 45. Kxe4 a4 46. Kf4 Bd3 47.
Ke3 Bc2 48. Kf4 Bg6 49. Ke3 Bf5 50. Kf4 Bc2 51. Ke3 Bb1 52. Kf4 Ba2 53. Ke3 Bb3
54. Kf4 d5 55. cxd5 cxd5 56. Bh7 Bc4 57. Ke3 Bb5 58. Bc2 Be8 59. Kf4 Bd7 60.
Bd1 Bc6 61. Bc2 Be8 62. Bd1 Ke6 63. Bc2 d4 64. cxd4 cxd4 65. Be4 Bf7 66. Bc2
Kd5 67. Bxa4 Kc4 68. Bd1 Kd3 69. Ke5 Ke3 70. a4 d3 71. a5 Bc4 72. Kf5 d2 73.
Kg5 Be2 74. Ba4 Kf3 75. Kxh5 Kxg3 76. Kg5 Kf2 77. h5 g3 78. h6 g2 79. h7 g1=Q+
80. Kf6 Qa1+ 0-1

[Event "ICS rated blitz match"]
[Site "204.178.125.65"]
[Date "2000.04.13"]
[Round "?"]
[White "postalex"]
[Black "Hossa"]
[Result "0-1"]
[WhiteElo "2075"]
[BlackElo "2334"]
[PlyCount "56"]

1. e4 e5 2. Nf3 Nc6 3. Bb5 a6 4. Ba4 Nf6 5. O-O Be7 6. Bxc6 dxc6 7. Re1 Bg4 8.
h3 Bxf3 9. Qxf3 O-O 10. d3 Bb4 11. Bd2 Bxd2 12. Nxd2 Qe7 13. Nf1 Qb4 14. Ne3
Qxb2 15. Rab1 Qxa2 16. Rxb7 Rfb8 17. Rxc7 Qa5 18. Rxc6 Qxe1+ 19. Kh2 Re8 20.
Rxf6 gxf6 21. Nf5 Kh8 22. Qh5 Qxf2 23. Qxf7 Qf4+ 24. g3 Qd2+ 25. Kh1 Qd1+ 26.
Kg2 Qxc2+ 27. Kg1 Qc5+ 28. Kf1 Qf8 0-1

[Event "ICS rated blitz match"]
[Site "204.178.125.65"]
[Date "2000.04.13"]
[Round "?"]
[White "Hossa"]
[Black "Aedes"]
[Result "1-0"]
[WhiteElo "2340"]
[BlackElo "2623"]
[PlyCount "48"]

1. e4 c5 2. Nf3 d6 3. d4 cxd4 4. Nxd4 Nf6 5. Nc3 a6 6. Bg5 e6 7. f4 Be7 8. Qf3
Qc7 9. O-O-O Nbd7 10. g4 b5 11. Bxf6 Nxf6 12. g5 Nd7 13. f5 Bxg5+ 14. Kb1 Ne5
15. Qh5 Bf6 16. fxe6 O-O 17. Nd5 Qd8 18. Bh3 g6 19. Qe2 fxe6 20. Bxe6+ Kh8 21.
Bxc8 Qxc8 22. Nb6 Qb7 23. Nxa8 Qxa8 24. Ne6 Re8 1-0

[Event "ICS rated blitz match"]
[Site "204.178.125.65"]
[Date "2000.04.13"]
[Round "?"]
[White "WitPaard"]
[Black "Hossa"]
[Result "0-1"]
[WhiteElo "2116"]
[BlackElo "2359"]
[PlyCount "36"]

1. e4 e5 2. Nf3 Nc6 3. Bb5 a6 4. Ba4 Nf6 5. O-O Be7 6. Bxc6 dxc6 7. d3 Nd7 8.
Nbd2 O-O 9. Nc4 f6 10. b3 Nb6 11. Ne3 Bd6 12. Bb2 Be6 13. h3 Qe7 14. Nh4 Qd7
15. Qh5 Rad8 16. Kh1 Bxh3 17. Ng6 Bxg2+ 18. Kxg2 Qf7 0-1

[Event "ICS rated blitz match"]
[Site "204.178.125.65"]
[Date "2000.04.13"]
[Round "?"]
[White "Hossa"]
[Black "Tejas"]
[Result "1-0"]
[WhiteElo "2365"]
[BlackElo "2129"]
[PlyCount "51"]

1. e4 c5 2. Nf3 d6 3. d4 cxd4 4. Nxd4 Nf6 5. Nc3 Nc6 6. Be3 Ng4 7. Bb5 Nxe3 8.
fxe3 Bd7 9. O-O e6 10. Qd2 Be7 11. Rad1 O-O 12. Qf2 a6 13. Ba4 b5 14. Bb3 Ne5
15. Nf3 Ng6 16. a3 Qc7 17. Rd2 Bc8 18. Qg3 Qb6 19. Qf2 a5 20. a4 b4 21. Nb5 Bb7
22. Rfd1 Rfd8 23. Rd4 Rac8 24. Nd2 Rc5 25. Nc4 Qa6 26. Nbxd6 1-0

[Event "ICS Rated standard match"]
[Site "204.178.125.65"]
[Date "2000.04.13"]
[Round "?"]
[White "chuda"]
[Black "Hossa"]
[Result "0-1"]
[WhiteElo "2012"]
[BlackElo "2292"]
[PlyCount "35"]

1. e4 d5 2. exd5 Qxd5 3. Nc3 Qa5 4. d4 c6 5. Nf3 Bg4 6. h3 Bxf3 7. Qxf3 Nf6 8.
Bc4 Nbd7 9. O-O e6 10. Bd2 Qb6 11. Qd3 Qc7 12. Rfe1 O-O-O 13. Ne4 Ne5 14. Bf4
Nxd3 15. Bxc7 Nxe1 16. Bxd8 Nxc2 17. Bxf6 Nxa1 18. Bh4 0-1

[Event "ICS rated standard match"]
[Site "204.178.125.65"]
[Date "2000.04.13"]
[Round "?"]
[White "Hossa"]
[Black "alta2"]
[Result "0-1"]
[WhiteElo "2297"]
[BlackElo "2470"]
[PlyCount "82"]

1. e4 c5 2. Nf3 d6 3. d4 cxd4 4. Nxd4 Nf6 5. Nc3 g6 6. Be3 Bg7 7. f3 O-O 8. Qd2
d5 9. e5 Nfd7 10. f4 Nc6 11. O-O-O Nxd4 12. Bxd4 e6 13. Qe3 a6 14. h4 Qc7 15.
h5 b5 16. hxg6 hxg6 17. Qh3 Re8 18. Qh7+ Kf8 19. g3 b4 20. Ne2 Bb7 21. Kb1 Rac8
22. Rd2 Red8 23. Bg2 a5 24. g4 a4 25. g5 Nc5 26. Bxc5+ Qxc5 27. Nd4 a3 28. Bh3
Re8 29. Bg4 axb2 30. Rdd1 Qa7 31. Kxb2 Rc4 32. Ne2 Qa3+ 33. Kb1 Ra8 34. Nd4
Qxa2+ 35. Kc1 Qa1+ 36. Kd2 Qxd4+ 37. Ke1 Qe3+ 38. Be2 Qg3+ 39. Kf1 Rxf4+ 40.
Bf3 Rxf3+ 41. Ke2 Qf2# 0-1

[Event "ICS rated blitz match"]
[Site "204.178.125.65"]
[Date "2000.04.13"]
[Round "?"]
[White "Hossa"]
[Black "LittleOne"]
[Result "1-0"]
[WhiteElo "2371"]
[BlackElo "2179"]
[PlyCount "177"]

1. e4 e6 2. d4 d5 3. Nc3 Bb4 4. e5 c5 5. a3 Bxc3+ 6. bxc3 Ne7 7. Qg4 O-O 8. Bd3
Qc7 9. Bd2 c4 10. Be2 f6 11. exf6 Rxf6 12. Nf3 Nbc6 13. Qh5 Bd7 14. Bg5 Rf5 15.
g4 Rff8 16. Bxe7 Nxe7 17. Ng5 h6 18. Nf3 Be8 19. Qe5 Qxe5 20. Nxe5 Ng6 21. Nf3
Nf4 22. Bd1 Bg6 23. Ne5 Be4 24. Rf1 Ng6 25. Nxg6 Bxg6 26. Rb1 b6 27. h4 Rf4 28.
h5 Be8 29. Be2 Ba4 30. Kd2 Re8 31. Rbe1 Ref8 32. f3 Kf7 33. Bd1 Ke7 34. Re5 Kd6
35. Rfe1 Bd7 36. Kc1 R8f6 37. Kb1 Be8 38. Kb2 b5 39. Kb1 a5 40. Be2 Bd7 41. Bd1
Rf8 42. R1e3 Rb8 43. Kc1 b4 44. cxb4 axb4 45. axb4 Rxb4 46. c3 Rb8 47. g5 Rh4
48. g6 Rh1 49. Re1 Rh3 50. Be2 Rh2 51. Rg1 Ra8 52. Kb1 Ba4 53. Kb2 Rb8+ 54. Kc1
Rb3 55. Kc2 Ra3+ 56. Kb2 Rb3+ 57. Kc2 Rb7+ 58. Kc1 Bb3 59. Rg3 Ra7 60. Kd2 Ra2+
61. Ke1 Bd1 62. Kf1 Bxe2+ 63. Kg1 Bd3 64. Rg4 Rhf2 65. Re1 Rxf3 66. Rg2 Rf5 67.
Rxa2 Rxh5 68. Ra6+ Kd7 69. Rexe6 Rg5+ 70. Kf2 Be4 71. Red6+ Kc7 72. Rac6+ Kb7
73. Rc5 h5 74. Rd7+ Kb6 75. Rxg7 h4 76. Rh7 Rxg6 77. Rxh4 Rg2+ 78. Ke1 Rg3 79.
Rh6+ Kb7 80. Rb5+ Kc7 81. Rhb6 Re3+ 82. Kd2 Rd3+ 83. Kc2 Re3+ 84. Kb2 Re2+ 85.
Ka3 Rc2 86. Rb7+ Kc8 87. Kb4 Rc1 88. Kc5 Rxc3 89. Kd6 1-0

[Event "ICS rated blitz match"]
[Site "204.178.125.65"]
[Date "2000.04.13"]
[Round "?"]
[White "LittleOne"]
[Black "Hossa"]
[Result "1/2-1/2"]
[WhiteElo "2172"]
[BlackElo "2378"]
[PlyCount "82"]

1. d4 d5 2. c4 e6 3. Nc3 Nf6 4. Nf3 c6 5. e3 Nbd7 6. Bd3 dxc4 7. Bxc4 Bb4 8.
O-O O-O 9. Qb3 c5 10. a3 Ba5 11. Rd1 cxd4 12. exd4 Nb6 13. Bd3 Bd7 14. Bg5 Bxc3
15. Qxc3 Nbd5 16. Qd2 Rc8 17. Ne5 h6 18. Bh4 Ba4 19. Re1 Bb3 20. h3 Qe7 21.
Rac1 Qd6 22. Bg3 Qe7 23. Bb1 Rfd8 24. Qd3 Ba4 25. f4 g6 26. Qd2 Nh5 27. Bh2
Rxc1 28. Rxc1 Qh4 29. Rf1 Bb5 30. Rf3 Ba6 31. g4 Ng7 32. Kg2 Rc8 33. Bg3 Qe7
34. f5 exf5 35. Qxh6 g5 36. Bxf5 Nxf5 37. gxf5 Rc2+ 38. Kg1 f6 39. Qg6+ Kf8 40.
Qh6+ Kg8 41. Qg6+ Kf8 1/2-1/2

[Event "ICS rated blitz match"]
[Site "204.178.125.65"]
[Date "2000.04.13"]
[Round "?"]
[White "LittleOne"]
[Black "Hossa"]
[Result "0-1"]
[WhiteElo "2179"]
[BlackElo "2368"]
[PlyCount "70"]

1. c4 Nf6 2. Nc3 c5 3. e4 Nc6 4. g3 d6 5. Bg2 Nd4 6. h3 g6 7. d3 Bg7 8. Nge2
O-O 9. O-O Nxe2+ 10. Qxe2 Bd7 11. f4 Bc6 12. f5 Nh5 13. Kh2 Be5 14. Bf4 Nxf4
15. gxf4 Bd4 16. fxg6 fxg6 17. Kh1 e6 18. Rab1 Qe7 19. Qg4 Rf7 20. Ne2 Bg7 21.
h4 Raf8 22. h5 gxh5 23. Qxh5 Rf6 24. Kg1 Rg6 25. Rf3 Bxb2 26. Rg3 Rxg3 27. Nxg3
Bd4+ 28. Kh2 Rxf4 29. Bh3 Rf2+ 30. Kh1 Qf6 31. Qg4+ Kf8 32. Nh5 Qf7 33. Re1 Be8
34. Ng3 h5 35. Qg5 Qf3+ 0-1